| 000 | 02207ncm0a2200397 4500 | ||
|---|---|---|---|
| 001 | RU\NLR\ONIZ\215005 | ||
| 005 | 20250626034847.0 | ||
| 013 | _a979-0-706401-30-0 | ||
| 021 |
_aRU _b13-302н _913-19н |
||
| 035 | _aRU\NLR\ONIZ\Таня\5000002991\20161012142941 | ||
| 035 | _a(NLR Aleph) 011273595 | ||
| 071 | 2 | 0 | _a11577 |
| 090 |
_a10832153 _c10832153 |
||
| 100 | _a20161012d2013 |||y0rusy50 ca | ||
| 101 | 0 |
_arus _feng |
|
| 102 | _aRU | ||
| 125 | _azx | ||
| 145 | 0 | _au | |
| 200 | 1 |
_aПоет хор Российского Государственного социального университета _bНоты _e[для хора в сопровожд. фп. и без сопровожд.] _hВып. 5 _f[перелож., обраб. для хора] К. Н. Костриков, Т. И. Кострикова |
|
| 210 |
_aМосква _cКомпозитор _d2013 |
||
| 215 |
_a29 с. _cил. _d29 см |
||
| 313 | _aСистематизация документа проведена по изданию - Методика классифицирования музыкальных произведений (нотных изданий) по таблицам Библиотечно-библиографических классификаций : метод. рекомендации / Гос. б-ка СССР им. В.И. Ленина.- М., 1977. Индексу ББК методических рекомендаций присваивается код ББК для научных библиотек - LBC/SL | ||
| 686 |
_aЩ941.1я43 _vLBC/SL _2rubbk |
||
| 686 |
_aЩ941, 8(2Р) _vLBC/SL _2rubbk |
||
| 700 | 1 |
_9z01790 _aКостриков _bК. Н. _gКонстантин Николаевич _4070 _7ca |
|
| 701 | 1 |
_9z02790 _aКострикова _bТ. И. _gТатьяна Ивановна _4070 _4030 _7ca |
|
| 790 | 1 |
_9z01700 _aKostrikov _bK. N. _gKonstantin Nikolaevič _4070 _7ba |
|
| 790 | 1 |
_9z02701 _aKostrikova _bT. I. _gTat`jana Ivanovna _4070 _4030 _7ba |
|
| 801 | 0 |
_aRU _bNLR _c20161012 _gPSBO |
|
| 801 | 1 |
_aRU _bNLR _c20161012 _2rusmarc |
|
| 801 | 2 |
_aRU _bNLR _c20190630 |
|
| 852 |
_aNLR _bМ _jК-3/24318(5) _pМОЭ 2013-19н/302н _t1 |
||
| 942 | _cSCORE | ||
| 980 | _aNB | ||
| 980 | _aONIZ | ||